|
|
|
|
| LEADER |
01019cam a2200265 7i4500 |
| 001 |
0000072877 |
| 005 |
20221125090000.0 |
| 020 |
|
|
|a 9781003124061 (electronic book)
|
| 090 |
0 |
0 |
|a RC455.4.E8
|b P79 2023
|
| 245 |
0 |
0 |
|a Psychological interventions from six continents :
|b culture, collaboration, and community
|c edited by Barbara L. Mercer, Heather Macdonald, Caroline Purves.
|
| 264 |
|
|
|a London:
|b Routledge,
|c 2023.
|
| 300 |
|
|
|a 1 online resource (297 pages):
|b illustrations (black and white), text file, PDF.
|
| 336 |
|
|
|a text
|2 rdacontent
|
| 337 |
|
|
|a computer
|2 rdamedia
|
| 338 |
|
|
|a online resource
|2 rdacarrier
|
| 650 |
|
0 |
|a Cultural psychiatry
|
| 650 |
|
0 |
|a Community psychiatry
|
| 650 |
|
0 |
|a Ethnopsychology
|
| 655 |
|
0 |
|a Electronic books
|
| 700 |
1 |
|
|a Macdonald, Heather
|
| 700 |
1 |
|
|a Mercer, Barbara L.
|
| 856 |
4 |
2 |
|u http://library.unisel.edu.my/web/guest/mylibrary
|
| 997 |
|
|
|a Health Sciences, Faculty
|
| 998 |
|
|
|a Biomedical Science, Degree
|
| 999 |
|
|
|a EBO0015644
|b EBOOK
|c EBOOK
|e Electronic resources
|